Chimalacatlán (Record no. 9388)
[ view plain ]
| 000 -CABECERA | |
|---|---|
| campo de control de longitud fija | 00990nam a2200253 a 4500 |
| 001 - NÚMERO DE CONTROL | |
| campo de control | BRL_576 |
| 005 - FECHA Y HORA DE LA ÚLTIMA TRANSACCIÓN | |
| campo de control | 20190320210817.0 |
| 008 - DATOS DE LONGITUD FIJA--INFORMACIÓN GENERAL | |
| campo de control de longitud fija | 040913s1948----mx-a######---#000-0dspa-# |
| 041 ## - CÓDIGO DE LENGUA | |
| Código de lengua del texto/banda sonora o título independiente | spa |
| 044 ## - CÓDIGO DEL PAÍS DE LA ENTIDAD EDITORA/PRODUCTORA | |
| Código MARC del país | mx |
| 050 #4 - SIGNATURA TOPOGRÁFICA DE LA BIBLIOTECA DEL CONGRESO | |
| Número de clasificación | F1219.1.C47 |
| Número de documento/Ítem | .M85 1948 |
| 100 1# - ENTRADA PRINCIPAL--NOMBRE DE PERSONA | |
| Nombre de persona | Muller, Florencia |
| 9 (RLIN) | 24338 |
| 245 10 - MENCIÓN DE TÍTULO | |
| Título | Chimalacatlán |
| Mención de responsabilidad, etc. | Florencia Muller. |
| 260 ## - PUBLICACIÓN, DISTRIBUCIÓN, ETC. | |
| Lugar de publicación, distribución, etc. | México, D.F. |
| Nombre del editor, distribuidor, etc. | [ENAH] |
| Fecha de publicación, distribución, etc. | 1948 |
| 300 ## - DESCRIPCIÓN FÍSICA | |
| Extensión | 88 p. |
| Otras características físicas | il., mapas |
| Dimensiones | 23 cm. |
| 440 #0 - MENCIÓN DE SERIE/PUNTO DE ACCESO ADICIONAL--TÍTULO | |
| Título | Acta Anthropologica |
| Designación de volumen o secuencia | III: 1 |
| 9 (RLIN) | 24339 |
| 500 ## - NOTA GENERAL | |
| Nota general | Tomado de la tesis con el título original: Exploración arqueológica y reconstruccioìn histórica del Cerro del Venado, Chimalacatlán, Morelos´. Tesis para obtener la maestría en ciencias antropológicas ... México, D. F., 1946. |
| 500 ## - NOTA GENERAL | |
| Nota general | Au620 |
| 500 ## - NOTA GENERAL | |
| Nota general | Bibliografía: p. 87-88 |
| 651 #4 - PUNTO DE ACCESO ADICIONAL DE MATERIA--NOMBRE GEOGRÁFICO | |
| Nombre geográfico | Chimalacatlán (México) |
| Subdivisión general | Antigüedades |
| 9 (RLIN) | 24340 |
| 740 0# - PUNTO DE ACCESO ADICIONAL--TÍTULO RELACIONADO O ANALÍTICO NO CONTROLADO | |
| Título relacionado o analítico no controlado | Exploración arqueológica y reconstrucción histórica del cerro del venado, Chimalacatlán |
| 902 ## - CATALOGADOR | |
| Iniciales | GRL |
| 942 ## - ELEMENTOS DE PUNTO DE ACCESO ADICIONAL (KOHA) | |
| Fuente del sistema de clasificación o colocación | Library of Congress Classification |
| Tipo de ítem Koha | Libros |
| Estado de retiro | Estado de pérdida | Estado dañado | No para préstamo | Localización permanente | Ubicación/localización actual | Fecha de adquisición | Número de inventario | Total de préstamos | Signatura topográfica completa | Código de barras | Fecha visto por última vez | Precio válido a partir de | Tipo de ítem Koha |
|---|---|---|---|---|---|---|---|---|---|---|---|---|---|
| El ejemplar forma parte de la colección y puede ser consultado según las políticas vigentes. | Biblioteca Centro de Estudios Ruth D. Lechuga | Biblioteca Centro de Estudios Ruth D. Lechuga | 04/09/2013 | Au620 | F1219.1.C47 .M85 1948 (Au620) | GRL00633 | 22/03/2019 | 22/03/2019 | Libros |